Statystyki dla Stacje metra w Warszawie (M1)

Kliknij tutaj aby rozwiązać quiz!

Ogólne statystyki

  • Ten quiz został rozwiązany 13 razy
  • Średni wynik to 16 z 21

Statystyki odpowiedzi

DzielnicaM1% Poprawnych
ŚródmieścieRatusz Arsenał
100%
ŚródmieścieCentrum
92%
ŚródmieścieDw. Gdański
92%
BielanyMłociny
92%
ŚródmieściePolitechnika
92%
BielanyStare Bielany
92%
BielanyWawrzyszew
92%
UrsynówKabaty
83%
BielanySłodowiec
83%
ŚródmieścieŚwiętokrzyska
83%
ŻoliborzMarymont
75%
MokotówSłużew
75%
UrsynówStokłosy
75%
UrsynówUrsynów
75%
UrsynówImielin
67%
UrsynówNatolin
67%
ŻoliborzPl. Wilsona
67%
MokotówWierzbno
67%
MokotówPola Mokotowskie
58%
MokotówRacławicka
58%
MokotówWilanowska
58%

Rozkład punktacji

Percentyl według liczby udzielonych odpowiedzi

Procent ludzi z każdym wynikiem

Twoja historia wyników

Nie rozwiązałeś tego quizu